Logo BPK

Biblioteka

Politechniki Koszalińskiej

Gobseck / (Rekord nr 49523)

Szczegóły MARC
000 -ETYKIETA REKORDU
podpole kontrolne o stałej długości 00656nam a2200205 i 4500
001 - NUMER KONTROLNY REKORDU
pole kontrolne bgj
040 ## - ŹRÓDŁO KATALOGOWANIA
Instytucja, która utworzyła rekord BPK
041 0# - KOD JĘZYKA
Kod języka tekstu ger
Kod języka oryginału fre
008 - POLE O STAŁEJ DŁUGOŚCI - DANE KONTROLNE
podpole kontrolne o stałej długości s gw f |000 0 ger
100 1# - NAZWA OSOBOWA
Nazwa osobowa BALZAC, Honore
Dopowiedzenie (de ;
Daty związane z nazwą 1799-1850)
245 10 - TYTUŁ/ODPOWIEDZIALNOŚĆ
Tytuł Gobseck /
Pozostałe elementy strefy tytułu i oznaczenia odpowiedzialności Honore de Balzac ; aus dem Franzözischen übertragen von Alice und Hans Seiffert.
260 ## - STREFA ADRESU WYDAWNICZEGO
Miejsce wydania Leipzig :
Nazwa wydawcy/dystrybutora Reclam,
Data publikacji, dystrybucji/powstania dokumentu 1952.
300 ## - STREFA OPISU FIZYCZNEGO
Objętość 87, [1] S. ;
Rozmiary 16 cm.
490 1# - STREFA SERII I DOKUMENTU WIELOCZĘŚCIOWEGO - FORMA NIE DO WYSZUKIWANIA
Tytuł i oznaczenie odpowiedzialności serii Reclams-Universal Bibliothek ;
Numeracja w obrębie serii Nr. 7685
650 #9 - HASŁO PRZEDMIOTOWE W FORMIE NAZWY OGÓLNEJ LUB JEDNOSTKOWEJ
Nazwa ogólna lub geograficzna Franzözische Literatur
700 1# - HASŁO DODATKOWE - NAZWA OSOBOWA
Nazwa osobowa SEIFFERT, Alice.
Określenie związku między hasłem a opisywanym materiałem Übertr.
700 1# - HASŁO DODATKOWE - NAZWA OSOBOWA
Nazwa osobowa SEIFFERT, Hans.
Określenie związku między hasłem a opisywanym materiałem Übertr.
830 ## - HASŁO DODATKOWE SERII LUB DOKUMENTU WIELOCZĘŚCIOWEGO - TYTUŁ UJEDNOLICONY
Tytuł ujednolicony Reclams-Universal Bibliothek ;
856 ## - LOKALIZACJA I DOSTĘP DO ELEKTRONICZNYCH DOKUMENTÓW ZDALNYCH
Link (URL) http://koha.tu.koszalin.pl/cgi-bin/koha/opac-detail.pl?biblionumber=49523
Tekst linku Katalog online BPK
942 ## - DODATKOWE ELEMENTY (KOHA)
Typ dokumentu Książka
Egzemplarze
Wycofany Status egzemplarza Uszkodzony Dostępność Lokalizacja stała Lokalizacja bieżąca Miejsce przechowywania Sygnatura Kod kreskowy Typ dokumentu
      Dostępny Biblioteka Politechniki Koszalińskiej Biblioteka Politechniki Koszalińskiej Wypożyczalnia Językowa N 1292 01580433 Książka
© 2023 Biblioteka Politechniki Koszalińskiej :: KOHA